Testo di Bella Ciao - Statistics

Statistiche generali
  • Questo quiz è stato fatto 939 volte
  • Il punteggio medio è 24 su 27
Statistiche sulle risposte
Testo % Corretto
Una {mattina} mi son svegliato
100%
Una {mattina} mi son svegliato
100%
del {partigiano}
95%
del {partigiano}
95%
E se io muoio da {partigiano}
95%
E se io muoio da {partigiano}
95%
O {partigiano}, portami via
95%
O {partigiano}, portami via
95%
Ché mi sento di {morir}
91%
E ho trovato l'{invasor}
91%
E seppellire lassù in {montagna}
91%
E seppellire lassù in {montagna}
91%
O {bella ciao}, {bella ciao}, {bella ciao}, ciao, ciao
89%
O {bella ciao}, {bella ciao}, {bella ciao}, ciao, ciao
89%
O {bella ciao}, {bella ciao}, {bella ciao}, ciao, ciao
89%
O {bella ciao}, {bella ciao}, {bella ciao}, ciao, ciao
89%
O {bella ciao}, {bella ciao}, {bella ciao}, ciao, ciao
89%
O {bella ciao}, {bella ciao}, {bella ciao}, ciao, ciao
89%
Tu mi devi {seppellir}
87%
Mi diranno "che bel {fior}"
86%
Sotto l'ombra di un bel {fior}
86%
E le genti che {passeranno}
74%
Tutte le genti che {passeranno}
74%
per la {libertà}
73%
È questo il {fiore}
70%
È questo il {fiore}
70%
{Morto}
68%
Nessun quiz corrispondente trovato
Distribuzione punteggi
Percentuale di utenti per punteggio
Percentile per numero di risposta
I tuoi punteggi nel tempo
Non hai fatto questo quiz